MARC

LEADER 00000nam0a2200000 4500
001 376525
005 20231102012827.0
010 |b 1000 экз. 
035 |a (RuTPU)RU\TPU\retro\33965 
035 |a RU\TPU\book\282027 
090 |a 376525 
100 |a 20221222d1943 m y0rusy50 ca 
101 0 |a rus 
102 |a RU 
105 |a a z 001zy 
200 1 |a Основные расчётные данные по оборудованию нефтебаз  |f Г. М. Григорян, И. И. Афиногенов, И. И. Медведков  |g Главнефтеснаб при СНК СССР ; Техрацнефть 
205 |a Изд. 2-е, перераб. 
210 |a Москва  |c Государственное научно-техническое издательство нефтяной и горно-топливной литературы  |d 1943  |a Ленинград 
215 |a 104 с.  |c табл. 
300 |a Подписано к печати 2.11.1943 г. 
320 |a Приложение: I-XI 
606 1 |a Нефтебазы и нефтесклады  |x Организация работы  |2 stltpush  |3 (RuTPU)RU\TPU\subj\45542  |9 64740 
610 1 |a нефтебазы 
610 1 |a оборудование 
610 1 |a расчетные данные 
610 1 |a коллекция: 1941-1945 гг. 
675 |a 622.692.5  |v 3 
700 1 |a Григорян  |b Г. М. 
701 1 |a Афиногенов  |b И. И. 
701 1 |a Медведков  |b И. И. 
712 0 2 |a Главнефтеснаб при СНК СССР 
712 0 2 |a Техрацнефть 
801 1 |a RU  |b 63413507  |c 20140505 
801 2 |a RU  |b 63413507  |c 20221222  |g RCR 
942 |c BK